[Event "Jch-RUS b20"]
[Site "Essentuki RUS"]
[Date "2003.03.09"]
[Round "7"]
[White "Gazarian,A"]
[Black "Tomashevsky,E"]
[Result "1/2-1/2"]
[WhiteElo "2532"]
[BlackElo "2444"]

1.c4 e5 2.Nc3 Nc6 3.g3 g6 4.Bg2 Bg7 5.e3 d6 6.Nge2 Nge7 7.O-O O-O 8.d3 Rb8
9.Rb1 a6 10.b4 Be6 11.Nd5 b5 12.Nec3 Qd7 13.Bb2 f5 14.cxb5 axb5 15.Rc1 Kh8
16.Qd2 Rfc8 17.f4 Nxd5 18.Nxd5 Nd8 19.e4 Bxd5 20.exd5 Nf7 21.Rc6 Rb7 22.Rfc1 Ra7
23.a3 exf4 24.Bxg7+ Kxg7 25.Qb2+ Kg8 26.gxf4 Qe7 27.Qd4  1/2-1/2

[Event "WYol u16"]
[Site "Denizli TUR"]
[Date "2003.08.08"]
[Round "6"]
[White "Erdos,V"]
[Black "Tomashevsky,E"]
[Result "1/2-1/2"]
[WhiteElo "2420"]
[BlackElo "2458"]

1.d4 Nf6 2.c4 e6 3.Nc3 Bb4 4.Qc2 c5 5.dxc5 O-O 6.a3 Bxc5 7.Nf3 b6 8.Bf4 Bb7
9.Rd1 a6 10.e4 Be7 11.Bd3 Nh5 12.Be3 Qc7 13.Na4 Bc5 14.O-O Nf4 15.Nd2 e5
16.Bxc5 bxc5 17.Rfe1 h6 18.Nf3 Bc6 19.Rd2 Bxa4 20.Rde2 Qa5 21.Nh4 Bc6 22.Nf3 Qb6
23.h3 Qd8 24.g3 Qe7 25.Ng5 hxg5 26.h4 Bxe4 27.Rxe4 Nd5 28.cxd5 g4 29.d6 Qxh4
30.gxh4 Rc8 31.b4 cxb4 32.axb4 Rc3 33.Kg2 Rc6 34.Ra1 Kh7 35.Ra2 Kg6 36.f4 gxf3+
37.Kxf3 Rxc2 38.Ke3 Kf5 39.Rxe5+ Kxe5  1/2-1/2

[Event "WYol u16"]
[Site "Denizli TUR"]
[Date "2003.08.09"]
[Round "8"]
[White "Tomashevsky,E"]
[Black "Rodshtein,M"]
[Result "0-1"]
[WhiteElo "2458"]
[BlackElo "2344"]

1.c4 Nf6 2.Nc3 e5 3.Nf3 Nc6 4.d3 Bb4 5.Bd2 O-O 6.g3 d6 7.Bg2 a6 8.O-O Nd4
9.Ne1 Bg4 10.f3 Be6 11.e3 Nc6 12.f4 Qd7 13.a3 Bxc3 14.Bxc3 Bh3 15.e4 b5 16.b3 Rab8
17.Ra2 Bxg2 18.Nxg2 a5 19.a4 bxc4 20.bxc4 Nb4 21.Rd2 Qe6 22.Ne3 Nd7 23.Nf5 Kh8
24.g4 f6 25.Qf3 Nc5 26.Qh3 Nxa4 27.Ba1 Nc5 28.Nh4 Kg8 29.f5 Qf7 30.Qg3 a4
31.Ng2 Nc6 32.h4 Rb3 33.Ne3 Nxd3 34.g5 Nf4 35.c5 dxc5 36.gxf6 Nd4 37.Rxf4 exf4
38.Qxf4 Rb1+ 39.Kh2 Rxa1 40.fxg7 Re8 41.Ng4 Kxg7 42.Nh6 Qf6 43.e5 Qxh4+  0-1

[Event "WYb16"]
[Site "Halkidiki GRE"]
[Date "2003.10.24"]
[Round "2"]
[White "Santos Flores,A"]
[Black "Tomashevsky,E"]
[Result "0-1"]
[WhiteElo "2284"]
[BlackElo "2444"]

1.e4 e5 2.Nf3 Nc6 3.Bc4 Nf6 4.d3 h6 5.c3 d6 6.Bb3 g6 7.O-O Bg7 8.Re1 O-O
9.Nbd2 Qe7 10.h3 Bd7 11.d4 Rae8 12.Bc2 Nh7 13.Nc4 exd4 14.cxd4 Ng5 15.Nxg5 hxg5
16.Be3 b5 17.Na3 Nb4 18.Qd2 Nxc2 19.Nxc2 f6 20.f3 d5 21.Bf2 Qd6 22.Qc3 Rf7
23.Nb4 dxe4 24.fxe4 a5 25.Nd3 f5 26.e5 Qd5 27.Qc5 Bc6 28.Qxd5 Bxd5 29.a3 c6
30.b4 a4 31.Nc5 Bf8 32.Rac1 Kg7 33.Rc3 Bxc5 34.dxc5 f4 35.Rd3 Rd7 36.Rd2 Kf7
37.Bd4 Ke6 38.Bb2 Rh8 39.Rf1 Rh4 40.Kf2 g4 41.hxg4 Rxg4 42.Rg1 Rg3 43.Ke1 Rh7
44.Kf1 Rh2 45.Rf2 g5 46.Bc1 Kxe5 47.Bb2+ Kf5  0-1

[Event "WYb16"]
[Site "Halkidiki GRE"]
[Date "2003.10.26"]
[Round "4"]
[White "Akshayraj,K"]
[Black "Tomashevsky,E"]
[Result "0-1"]
[WhiteElo "2318"]
[BlackElo "2444"]

1.Nf3 Nf6 2.d4 e6 3.e3 b6 4.Be2 Bb7 5.O-O d5 6.c4 Nbd7 7.Nc3 Bd6 8.cxd5 exd5
9.Nb5 Be7 10.Qc2 c6 11.Nc3 O-O 12.Ne5 c5 13.Bf3 Bd6 14.Nxd7 Qxd7 15.Rd1 c4
16.e4 dxe4 17.Nxe4 Nxe4 18.Bxe4 Bxe4 19.Qxe4 Rfe8 20.Qf3 Rac8 21.Bd2 b5 22.Ba5 b4
23.a3 bxa3 24.bxa3 Rb8 25.g3 Rb3 26.Bc3 Bxa3 27.Rdb1 Bf8 28.Rxb3 cxb3 29.Bb2 Rb8
30.d5 h6 31.Ra6 Rb5 32.d6 Rb6 33.Rxb6 axb6 34.Qxb3 Qxd6 35.Kf1 Qb4 36.Qxb4 Bxb4
37.Ke2 Bc5 38.f3 f5 39.Kd3 b5 40.g4 g6 41.h3 Kf7 42.Bc1 h5 43.Bb2 Ke6 44.Bc3 Kd5
45.Bb2 b4 46.gxh5 gxh5 47.f4 Bd6 48.Bc1 b3 49.Ke3 Kc4 50.Kf3 Kd3 51.Kg3  0-1

[Event "WYb16"]
[Site "Halkidiki GRE"]
[Date "2003.10.30"]
[Round "8"]
[White "Tomashevsky,E"]
[Black "Koneru,H"]
[Result "1-0"]
[WhiteElo "2444"]
[BlackElo "2485"]

1.d4 Nf6 2.Nf3 e6 3.c4 b6 4.e3 Bb7 5.Bd3 Be7 6.O-O O-O 7.b3 d5 8.cxd5 exd5
9.Nc3 Nbd7 10.Bb2 a6 11.Ne2 Re8 12.Ng3 g6 13.Ne5 Bf8 14.Rc1 c5 15.f4 Bg7
16.Rc2 Rc8 17.a4 cxd4 18.Rxc8 Qxc8 19.exd4 Qc7 20.Qf3 Nf8 21.f5 Qe7 22.h4 N6d7
23.h5 Nxe5 24.dxe5 Bxe5 25.Bxe5 Qxe5 26.fxg6 fxg6 27.Qf7+ Kh8 28.h6 Qd4+
29.Rf2 Bc6 30.Ne2  1-0

[Event "WYb16"]
[Site "Halkidiki GRE"]
[Date "2003.11.01"]
[Round "10"]
[White "Braun,A"]
[Black "Tomashevsky,E"]
[Result "1/2-1/2"]
[WhiteElo "2440"]
[BlackElo "2444"]

1.d4 Nf6 2.c4 e6 3.Nc3 Bb4 4.e3 O-O 5.Bd3 d5 6.Nf3 c5 7.O-O dxc4 8.Bxc4 Qe7
9.Qe2 Rd8 10.a3 Ba5 11.Bd2 cxd4 12.exd4 Nc6 13.Rfd1 h6 14.Ne4 Bxd2 15.Rxd2 Bd7
16.Rad1 Nxe4 17.Qxe4 Be8 18.h4 Rd6 19.Re1 Qf6 20.g4 Ne7 21.g5 Qf5 22.Qxf5 Nxf5
23.d5 b5 24.Bb3 exd5 25.Re5 g6 26.h5 Rad8 27.hxg6 fxg6 28.gxh6 Nxh6 29.Ng5 Bf7
30.Nxf7 Nxf7 31.Rdxd5 Rxd5 32.Bxd5 a6 33.Ba2 Kf8 34.Re3 Rd7 35.Kf1 Nd8 36.Ke2  1/2-1/2

[Event "WYb18"]
[Site "Heraklio GRE"]
[Date "2004.11.06"]
[Round "4"]
[White "Tomashevsky,E"]
[Black "Iskakov,A1"]
[Result "1-0"]
[WhiteElo "2523"]
[BlackElo "2431"]

1.c4 e5 2.Nc3 Nf6 3.Nf3 Nc6 4.d4 exd4 5.Nxd4 Bb4 6.Bg5 h6 7.Bh4 Bxc3+ 8.bxc3 Ne5
9.f4 Ng6 10.Bxf6 Qxf6 11.g3 d6 12.Bg2 O-O 13.O-O a6 14.Qd2 Rb8 15.e4 Bd7
16.Rae1 b5 17.cxb5 axb5 18.Nc2 Rbd8 19.Re3 Ne7 20.Rd3 Nc8 21.Ne3 Be6 22.Rd1 Rde8
23.Nd5 Qd8 24.Qf2 Bxd5 25.Rxd5 c6 26.R5d3 Qa5 27.h4 Re7 28.g4 Ra7 29.g5 hxg5
30.hxg5 Qb6 31.Rd4 Qc5 32.f5 Re8 33.Qh4 Ne7 34.Rd3 Rxa2 35.Rh3 Ra1+ 36.Bf1 Kf8
37.f6 Ng6 38.Qh8+  1-0

[Event "WYb18"]
[Site "Heraklio GRE"]
[Date "2004.11.07"]
[Round "5"]
[White "Sulashvili,M"]
[Black "Tomashevsky,E"]
[Result "1/2-1/2"]
[WhiteElo "2326"]
[BlackElo "2523"]

1.e4 e5 2.Nf3 Nc6 3.Bc4 Nf6 4.d3 h6 5.O-O d6 6.c3 g6 7.Re1 Bg7 8.d4 Qe7 9.Nbd2 O-O
10.h3 Bd7 11.dxe5 Nxe5 12.Nxe5 dxe5 13.a4 Rfd8 14.b4 Nh5 15.Qf3 Be6 16.Bf1 Nf4
17.Nc4 Qf6 18.Kh2 Nd3 19.Qxf6 Bxf6 20.Bxd3 Rxd3 21.Na3 Rxc3 22.Bxh6 g5 23.h4 gxh4
24.Nb5 Rc6 25.Rec1 Bd8 26.Be3 a5 27.bxa5 Rxa5 28.Rxc6 bxc6 29.Na7 Ra6 30.a5 Bc4
31.Rd1 Bf6 32.Rd7 Rxa5 33.Nxc6 Ra4 34.Rxc7 Be6 35.Ne7+ Bxe7 36.Rxe7 Rxe4
37.Ra7 Kh7 38.Ra5 Kg6 39.Bb6 f6 40.Bd8 Rf4 41.Bb6 h3 42.gxh3 Rf3 43.Kg2 Rxh3
44.f3 Rh4 45.Ra3 Rb4 46.Be3 Bd5 47.Kg3 Kf5 48.Rc3 Bb7 49.f4 Rb2 50.fxe5 Rg2+
51.Kh3 fxe5 52.Rb3 Rg7 53.Ra3 Bd5 54.Rc3 Ke4 55.Ra3 Bc4 56.Ba7 Bd3 57.Kh2 Bf1
58.Ra4+ Kf3 59.Ra3+ Kf4 60.Be3+ Ke4 61.Ba7 Rg2+ 62.Kh1 Rb2 63.Kg1 Bg2 64.Bc5 Kf4
65.Be3+ Kg4 66.Bc5 Bf3 67.Bd6 e4 68.Bc5 Rc2 69.Ba7 Rb2 70.Bc5 Re2 71.Ba7 Rd2
72.Bb6 Rg2+ 73.Kf1 Rb2 74.Bc5 Be2+ 75.Kf2 Bd3+ 76.Ke3 Re2+ 77.Kd4 Rc2 78.Ba7 Rc4+  1/2-1/2

[Event "WYb18"]
[Site "Heraklio GRE"]
[Date "2004.11.13"]
[Round "11"]
[White "Barnaure,V"]
[Black "Tomashevsky,E"]
[Result "1/2-1/2"]
[WhiteElo "2439"]
[BlackElo "2523"]

1.d4 Nf6 2.c4 e6 3.g3 c5 4.d5 exd5 5.cxd5 d6 6.Nc3 g6 7.Nf3 Bg7 8.Bg2 O-O
9.O-O a6 10.a4 Nbd7 11.Bf4 Qc7 12.e4 Ng4 13.Rc1 Nge5 14.b3 Rb8 15.b4 b6 16.Ne1 Qd8
17.b5 Qe7 18.Qe2 axb5 19.Nxb5 g5 20.Bd2 g4 21.h3 h5 22.f4 gxh3 23.Bxh3 Ng4
24.Nf3 Ra8 25.Bxg4 hxg4 26.Ng5 Bh6 27.Qxg4  1/2-1/2

[Event "Lushki A"]
[Site "Serpukhov RUS"]
[Date "2004.11.23"]
[Round "6"]
[White "Tomashevsky,E"]
[Black "Ostrovskiy,A"]
[Result "1-0"]
[WhiteElo "2523"]
[BlackElo "2297"]

1.Nf3 Nf6 2.c4 e6 3.g3 a6 4.Bg2 b5 5.b3 c5 6.O-O Bb7 7.e3 Be7 8.Nc3 b4 9.Na4 d6
10.d4 Nbd7 11.Bb2 O-O 12.Nd2 Bxg2 13.Kxg2 Nb6 14.Nxb6 Qxb6 15.Qf3 a5 16.a4 bxa3
17.Rxa3 Qb4 18.Rd1 a4 19.Nb1 cxd4 20.Bxd4 d5 21.Bxf6 Bxf6 22.cxd5 axb3 23.Rxa8 Rxa8
24.dxe6 Rf8 25.exf7+ Rxf7 26.Qd5 b2 27.e4 g5 28.e5 Be7 29.Rd2  1-0

[Event "Lushki A"]
[Site "Serpukhov RUS"]
[Date "2004.11.23"]
[Round "7"]
[White "Komliakov,V"]
[Black "Tomashevsky,E"]
[Result "1/2-1/2"]
[WhiteElo "2434"]
[BlackElo "2523"]

1.e4 e5 2.Nf3 Nf6 3.Nxe5 d6 4.Nf3 Nxe4 5.Qe2 Qe7 6.d3 Nf6 7.Bg5 Qxe2+ 8.Bxe2 Be7
9.Nc3 c6 10.O-O-O Na6 11.Rhe1 O-O  1/2-1/2

[Event "Lushki A"]
[Site "Serpukhov RUS"]
[Date "2004.11.24"]
[Round "8"]
[White "Tomashevsky,E"]
[Black "Zaitsev,Vl2"]
[Result "1/2-1/2"]
[WhiteElo "2523"]
[BlackElo "2392"]

1.c4 e6 2.Nf3 f5 3.g3 b6 4.Bg2 Bb7 5.O-O Nf6 6.d4 Be7 7.Nc3 Ne4 8.Qc2 Nxc3
9.Qxc3 Bf6 10.Rd1 O-O 11.Qb3 Qe7 12.d5 Na6 13.Be3 Nc5 14.Qa3 e5 15.b4 Ne4
16.Nd2 Nd6 17.c5 Nb5 18.Qd3 c6 19.Rac1 e4 20.Qc4 Qf7 21.f3 Nc3 22.Rxc3 cxd5
23.Qb3 d4 24.Nxe4 Bd5 25.Nxf6+ gxf6 26.Qc2 dxc3 27.Qxc3 Bxa2 28.cxb6 axb6
29.Bxb6 Rfe8 30.Bf1 Bc4 31.Rd2 d5 32.Bc5 Ra6 33.Qd4 Qh5 34.h4 Rae6 35.Kf2 Qh6
36.e3 Rxe3 37.Bxc4 dxc4 38.Qd5+ Kh8 39.Bxe3 Qxe3+ 40.Kg2 c3 41.Rc2 Qe1 42.Qxf5 Re2+
43.Kh3 Rxc2 44.Qxf6+ Kg8 45.Qg5+ Kh8 46.Qf6+ Kg8 47.Qg5+ Kf8 48.Qf5+ Kg7
49.Qg5+ Kf7 50.Qf5+  1/2-1/2

[Event "Lushki A"]
[Site "Serpukhov RUS"]
[Date "2004.11.26"]
[Round "10"]
[White "Tomashevsky,E"]
[Black "Gasanov,E"]
[Result "1-0"]
[WhiteElo "2523"]
[BlackElo "2445"]

1.c4 g6 2.Nc3 c5 3.g3 Bg7 4.Bg2 Nc6 5.a3 a5 6.d3 d6 7.Nf3 e5 8.O-O Nge7 9.Ne1 Be6
10.Nc2 d5 11.Bg5 f6 12.cxd5 Nxd5 13.Be3 Nd4 14.Ne4 Qb6 15.b4 axb4 16.Bxd4 exd4
17.axb4 Rxa1 18.Qxa1 Nxb4 19.Nxc5 Qxc5 20.Qa8+ Bc8 21.Nxb4 O-O 22.Qa2+ Kh8
23.Rb1 Re8 24.Bf3 g5 25.Qf7 Re7 26.Qd5 Qb6 27.Rc1 Be6 28.Qc5 Qd8 29.Nd5 Rd7
30.Nb6 Re7 31.Ra1 Qf8 32.Qb5 Qf7 33.Ra8+ Bf8 34.Nc4 Rd7 35.Bxb7 Qe7 36.Bc6 Rd8
37.Rxd8 Qxd8 38.Be4 Kg7 39.Kg2 Qd7 40.Qxd7+ Bxd7 41.Nb6 Be6 42.f4 gxf4 43.gxf4 Bc5
44.Na8 Bd6 45.Kg3 h6 46.Bc6 Kf8 47.Kf3 Ke7 48.Nb6 Bc7 49.Na4 Kd6 50.Bb7 Bb3
51.Nb2 Ba5 52.Ke4 Bc3 53.Nc4+ Bxc4 54.dxc4 Kc5 55.Bd5 Bd2 56.Kf5 Kd6 57.Bf7 Be3
58.h3 Bd2 59.Bh5 Be3 60.Bf3 Bd2 61.e4 dxe3 62.Be2 Kc5 63.Kxf6 Kd4 64.Kg6 Bb4
65.Kxh6 Ke4 66.Kg5 Be7+ 67.Kg4 Bd6 68.f5 Ke5 69.Kg5 Be7+ 70.Kg6 Bh4 71.c5 Bd8
72.c6 Kd6 73.f6 Kxc6 74.f7 Be7 75.Kg7 Kd6 76.f8=Q Bxf8+ 77.Kxf8 Ke6 78.Kg7 Kf5
79.h4  1-0

[Event "Lushki A"]
[Site "Serpukhov RUS"]
[Date "2004.11.26"]
[Round "11"]
[White "Dudukin,Ilya"]
[Black "Tomashevsky,E"]
[Result "1/2-1/2"]
[WhiteElo "2431"]
[BlackElo "2523"]

1.Nf3 Nf6 2.c4 b6 3.Nc3 Bb7 4.d4 e6 5.a3 g6 6.Bg5 Bg7 7.e3 d6 8.Be2 Nbd7
9.b4 h6 10.Bh4 g5 11.Bg3 Nh5 12.O-O Nxg3 13.hxg3 h5 14.Rc1 g4 15.Nh4 Bf6
16.c5 bxc5 17.dxc5 dxc5 18.bxc5 Ne5 19.Qa4+ Bc6 20.Bb5 Bxb5 21.Nxb5 O-O 22.Rfd1 Qe7
23.Qa5 Rfd8 24.Rxd8+ Rxd8 25.Qxa7 Bxh4 26.gxh4 Qxh4 27.Qa4 Rd2 28.Rf1 Rd5
29.Qf4 Rxc5 30.Nxc7 Ng6 31.Qd6 Qe7  1/2-1/2

[Event "Lushki A"]
[Site "Serpukhov RUS"]
[Date "2004.11.27"]
[Round "12"]
[White "Tomashevsky,E"]
[Black "Nechepurenko,R"]
[Result "1/2-1/2"]
[WhiteElo "2523"]
[BlackElo "2353"]

1.c4 Nf6 2.Nc3 d5 3.cxd5 Nxd5 4.g3 g6 5.Bg2 Nxc3 6.bxc3 Bg7 7.Rb1 Nd7 8.Nf3 O-O
9.O-O c5 10.c4 Rb8 11.Qa4 a6 12.d3 Qc7 13.Be3 b6 14.Nd2 f5 15.Qc6 Qxc6 16.Bxc6 Ne5
17.Bg2 Bd7 18.Bf4 Rfe8 19.Rfc1 Bf6 20.Nf3 Nxf3+ 21.Bxf3 e5 22.Bd5+ Be6 23.Bd2 Bxd5
24.cxd5 e4 25.Bf4 Be5 26.Bxe5 Rxe5 27.dxe4 Rxe4 28.Rxc5 Rxe2 29.Rc7 f4 30.gxf4 Rd2
31.Rd7 Rf8 32.Rxb6 Rxf4 33.Rb8+ Rf8 34.Rbb7 Rfxf2 35.Rg7+ Kf8 36.Rxh7 Rg2+
37.Kh1 Kg8 38.Rbg7+ Kf8 39.Ra7 Kg8 40.Rhe7 Rgf2 41.Kg1 Rf5 42.Re8+ Rf8 43.Rxf8+ Kxf8
44.Rxa6 Rxd5 45.Rf6+ Kg7 46.Rf2 Ra5 47.Kf1 Kh6 48.Ke1 Kh5 49.Kd1 g5 50.Kc1 Ra8
51.Kb2 Rb8+ 52.Kc3 Rc8+ 53.Kb3 Rb8+ 54.Kc2 Ra8 55.Kb1 Kh4 56.Kc1  1/2-1/2

[Event "Lushki A"]
[Site "Serpukhov RUS"]
[Date "2004.11.30"]
[Round "15"]
[White "Moskalenko,A"]
[Black "Tomashevsky,E"]
[Result "1/2-1/2"]
[WhiteElo "2319"]
[BlackElo "2523"]

1.e4 e5 2.Nf3 Nc6 3.Bb5 a6 4.Ba4 d6 5.O-O Bd7 6.d4 Nf6 7.Bxc6 Bxc6 8.Nc3 exd4
9.Nxd4 Bd7 10.Re1 Be7 11.Bf4 O-O 12.Qd3 Re8 13.e5 dxe5 14.Bxe5 Bf8 15.h3 b5
16.Qf3 c5 17.Nf5 Bxf5 18.Qxf5 Re6 19.Bxf6 Qxf6 20.Qxf6 Rxf6 21.Nd5 Rd6 22.Rad1 Rad8
23.c4 bxc4 24.Ne3 c3 25.bxc3 g6 26.Rxd6 Rxd6 27.Rd1 Re6 28.Rd7 Bh6 29.Rd5 Bxe3
30.fxe3 Rxe3 31.Rxc5 Re2  1/2-1/2

[Event "ch-RUS u20"]
[Site "Nojabrsk RUS"]
[Date "2005.03.02"]
[Round "1"]
[White "Nepomniachtchi,I"]
[Black "Tomashevsky,E"]
[Result "1/2-1/2"]
[WhiteElo "2483"]
[BlackElo "2540"]

1.e4 e5 2.Nf3 Nc6 3.Bb5 a6 4.Ba4 d6 5.c3 Bd7 6.O-O g6 7.d4 Bg7 8.Be3 Nf6
9.dxe5 dxe5 10.Nbd2 Qe7 11.b4 b6 12.Re1 O-O 13.Bg5 h6 14.Bh4 Rfd8 15.Qe2 g5
16.Bg3 Nh5 17.Nf1 Nf4 18.Qc2 Qf6 19.Ne3 Ne7 20.Bxd7 Rxd7 21.h4 Qg6 22.hxg5 hxg5
23.Rad1 Rad8 24.Nf5 Qf6 25.Rxd7 Rxd7 26.Nxe7+ Rxe7 27.Rd1 Re8 28.c4 Bf8 29.Bxf4 exf4
30.Rd5 Qa1+ 31.Rd1 Qf6 32.Rd5  1/2-1/2

[Event "ch-RUS u20"]
[Site "Nojabrsk RUS"]
[Date "2005.03.03"]
[Round "2"]
[White "Tomashevsky,E"]
[Black "Khairullin,I"]
[Result "1-0"]
[WhiteElo "2540"]
[BlackElo "2507"]

1.c4 Nf6 2.Nc3 g6 3.Nf3 Bg7 4.d4 d6 5.Bg5 h6 6.Bh4 g5 7.Bg3 Nh5 8.e3 c5 9.d5 Qa5
10.Rc1 Nd7 11.Nd2 Nxg3 12.hxg3 a6 13.Qc2 Rb8 14.a4 Nb6 15.b3 Na8 16.f4 gxf4
17.gxf4 Nc7 18.Kf2 Bd7 19.Be2 b5 20.axb5 axb5 21.Nxb5 Bxb5 22.cxb5 Nxd5 23.Ne4 Nc7
24.Ng3 Qb4 25.Nh5 Kf8 26.Rh4 Nxb5 27.Nxg7 Kxg7 28.Rg4+ Kf8 29.f5 Qa5 30.b4 cxb4
31.Qc8+  1-0

[Event "ch-RUS u20"]
[Site "Nojabrsk RUS"]
[Date "2005.03.08"]
[Round "7"]
[White "Alekseev,Evgeny"]
[Black "Tomashevsky,E"]
[Result "1-0"]
[WhiteElo "2605"]
[BlackElo "2540"]

1.e4 e5 2.Nf3 Nc6 3.Bb5 a6 4.Ba4 d6 5.O-O Bd7 6.c3 g6 7.d4 Bg7 8.Re1 h6 9.Nbd2 Nge7
10.Nf1 O-O 11.h3 exd4 12.cxd4 d5 13.e5 Nf5 14.Bf4 Rc8 15.Rc1 Nh4 16.N1h2 Nxf3+
17.Nxf3 Ne7 18.Bc2 Be6 19.b4 Qd7 20.Bd3 Bf5 21.Bf1 Nc6 22.b5 axb5 23.Bxb5 g5
24.Be3 Ra8 25.a4 Qe6 26.h4 g4 27.Nd2 Rfc8 28.Nf1 h5 29.Ng3 Bg6 30.Ne2 Nb4
31.Qb3 c6 32.Qxb4 cxb5 33.Qxb5 Rxc1 34.Rxc1 Qa6 35.Nf4  1-0

[Event "ch-RUS u20"]
[Site "Nojabrsk RUS"]
[Date "2005.03.10"]
[Round "9"]
[White "Novikov,S"]
[Black "Tomashevsky,E"]
[Result "0-1"]
[WhiteElo "2514"]
[BlackElo "2540"]

1.e4 e5 2.Nc3 Nc6 3.Bc4 Nf6 4.d3 Bc5 5.Bg5 h6 6.Bh4 d6 7.Nge2 Nd4 8.Na4 Bg4
9.Nxc5 Bxe2 10.Nxb7 Qc8 11.Qd2 Nxe4 12.dxe4 Bxc4 13.Na5 Qg4 14.Nxc4 Qxe4+
15.Ne3 Qxh4 16.O-O Ne6 17.Nd5 O-O 18.f4 c6 19.g3 Qd8 20.Ne3 f6 21.Nf5 d5
22.fxe5 fxe5 23.Qc3 Qb6+ 24.Kg2 Nd4 25.Nxd4 exd4 26.Qb3 Rae8 27.Rxf8+ Rxf8
28.Qxb6 axb6 29.a4 Ra8 30.Kf3 Kf7 31.Ke2 c5 32.Kd3 Ke6 33.b3 Kd6 34.Rf1 Re8
35.Rf4 g5 36.Rf3 Re4 37.Rf6+ Re6 38.Rf3 Ke7 39.Rf5 Re3+ 40.Kd2 Kd6 41.Rf6+ Re6
42.Rf8 Ke5 43.Kd3 Rf6 44.Re8+ Kd6 45.Rh8 Re6 46.Rb8 Kc7 47.Rh8 Kd6 48.Rb8 Ke5
49.Rf8 Rf6 50.Re8+ Kf5 51.b4 Re6 52.Rb8 Ke5 53.b5 c4+ 54.Ke2 Ke4 55.Rc8 c3
56.Kd1 Ke3 57.Rc6 Re8 58.Rxb6 d3 59.Rd6 d4 60.b6 d2 61.Rf6 Ke4 62.Rf1 Kd5
63.a5 Kc6 64.h4 Re5 65.hxg5 hxg5 66.Rf6+ Kb7 67.Rf7+ Ka6 68.Rf1 Rxa5 69.Ke2 Re5+
70.Kd1 Kxb6 71.g4 Kc5 72.Rh1 Kc4 73.Rf1 Re1+  0-1

[Event "WYb18"]
[Site "Belfort FRA"]
[Date "2005.07.22"]
[Round "4"]
[White "Pancevski,F"]
[Black "Tomashevsky,E"]
[Result "0-1"]
[WhiteElo "2319"]
[BlackElo "2555"]

1.e4 e5 2.Nf3 Nc6 3.Bb5 a6 4.Ba4 Nf6 5.Qe2 d6 6.c3 Bd7 7.O-O g6 8.d4 Qe7
9.dxe5 Nxe5 10.Bxd7+ Nexd7 11.Re1 Bg7 12.Bg5 O-O 13.Nbd2 Rfe8 14.Qc4 Rac8
15.Nb3 Qe6 16.Qb4 Nb6 17.Bxf6 Bxf6 18.Na5 Rb8 19.h3 Nd7 20.Nb3 b5 21.Qa5 Rb6
22.Nbd4 Qe7 23.Nc2 Reb8 24.Nb4 c6 25.Nd4 Ne5 26.b3 Qb7 27.Rad1 Bh4 28.Ne2 Qe7
29.Rf1 Bf6 30.Nd4 Qb7 31.Ne2 Be7 32.f4 Nd7 33.Nd3 Re8 34.c4 bxc4 35.bxc4 Bf6
36.c5 Rb5 37.Qa4 Qa7 38.Kh1 Nxc5 39.Nxc5 Qxc5 40.Ng3 Bh4 41.Rd3 Qb4 42.Qxa6 Qc4
43.Rfd1 Bxg3 44.Rxg3 Qxe4 45.Rf1 Rb1 46.Rf3 Rxf1+ 47.Rxf1 Qd5 48.a4 Re3 49.Kh2 Kg7
50.Qc8 Re2 51.Qg4 Qe4 52.Ra1 Rf2 53.a5 Rxf4 54.Qg3 Qd4 55.Rc1 Qe5 56.Rxc6 Rf1
57.Qxe5+ dxe5 58.Ra6 h5 59.Ra8 Ra1 60.a6 Kf6 61.Ra7 Ra3 62.h4 Ke6 63.Ra8 Kf5
64.Rf8 Ke6 65.Ra8 Kf6 66.Kg1 Ra4 67.g3 Ra2 68.Kf1 Kf5 69.Ra7 Kg4 70.Rxf7 Rxa6
71.Kf2 Ra2+ 72.Ke3 Ra3+ 73.Ke4 Rxg3  0-1

[Event "XIII TCh-RUS"]
[Site "Sochi RUS"]
[Date "2006.04.26"]
[Round "7"]
[White "Bezgodov,A"]
[Black "Tomashevsky,E"]
[Result "1/2-1/2"]
[WhiteElo "2554"]
[BlackElo "2595"]

1.e4 e5 2.Nf3 Nc6 3.Bb5 a6 4.Ba4 d6 5.c3 Bd7 6.d4 g6 7.O-O Bg7 8.d5 Nb8 9.c4 Nf6
10.Nc3 O-O 11.Bxd7 Nbxd7 12.Bg5 h6 13.Bd2 Ne8 14.Ne1 f5 15.f3 Qh4 16.Nd3 Nef6
17.Qe2 Rf7 18.Rae1 Qh5 19.b3 Raf8 20.Qe3 fxe4 21.Nxe4 Nxe4 22.Qxe4 Nf6 23.Qe2 Kh7
24.Nf2 Qf5 25.Ne4 Nxe4 26.fxe4 Qxf1+ 27.Rxf1 Rxf1+ 28.Qxf1 Rxf1+ 29.Kxf1 Bf6
30.Ke2 h5 31.b4 Kg7 32.Be3 Kf7 33.c5 Ke8 34.Kd3 Bd8 35.a4 b5 36.axb5 axb5
37.c6 g5 38.Ke2 Kf7 39.Kf3 Kg6 40.h3 Kf7  1/2-1/2

[Event "XIII TCh-RUS"]
[Site "Sochi RUS"]
[Date "2006.04.28"]
[Round "9"]
[White "Potkin,V"]
[Black "Tomashevsky,E"]
[Result "1/2-1/2"]
[WhiteElo "2547"]
[BlackElo "2595"]

1.e4 e5 2.Nf3 Nc6 3.Bb5 a6 4.Bxc6 dxc6 5.O-O Qd6 6.Na3 Be6 7.Qe2 f6 8.Nc4 Qd7
9.Rd1 c5 10.c3 Qf7 11.b3 Bd6 12.Nxd6+ cxd6 13.d4 Ne7 14.Ba3 b6 15.dxc5 dxc5
16.Rd6 Nc8 17.Rd2 O-O 18.b4 cxb4 19.Bxb4 Ne7 20.Qe3 b5 21.a4 bxa4 22.Rxa4 Rfc8
23.h3 Ng6 24.Ra1 Nf4 25.h4 Bc4 26.g3 Ne6 27.Rd6 h5 28.Nd2 Bb5 29.Nf1 Nd8
30.Qf3 a5 31.Rxa5 Rxa5 32.Bxa5 Nb7 33.Rd5 Bxf1 34.Kxf1 Nxa5 35.Rxa5 Qc4+
36.Kg2 Qxc3 37.Qf5 Qc6 38.Rd5 Qe8 39.Rd6 Ra8 40.Rb6 Qf7 41.Rc6 Rf8 42.Rd6 g6
43.Qf3 Kg7 44.Qc3 Qb7 45.Qd3 Rf7 46.Qc4 Rc7 47.Qa4 Re7 48.Qc4 f5 49.Qc6  1/2-1/2

[Event "XIII TCh-RUS"]
[Site "Sochi RUS"]
[Date "2006.04.30"]
[Round "11"]
[White "Filippov,Va"]
[Black "Tomashevsky,E"]
[Result "1/2-1/2"]
[WhiteElo "2561"]
[BlackElo "2595"]

1.d4 Nf6 2.c4 e6 3.Nf3 b6 4.g3 Ba6 5.b3 d5 6.Bg2 dxc4 7.Ne5 Bb4+ 8.Kf1 Bd6
9.Nxc4 Nd5 10.e4 Ne7 11.Bb2 Nbc6 12.Nd2 e5 13.d5 Nd4 14.Nf3 c5 15.Bh3 O-O
16.Kg2 Ng6 17.Nxd4 exd4 18.Re1 Bc7 19.Kg1 Ne7 20.Bc1 Kh8 21.Bg2 Qd7 22.Qh5 Rae8
23.Bd2 Bb7 24.Bh3 Qd8 25.f3 Ng8 26.Bg5 Qb8 27.Bd7 g6 28.Qh3 Bc8 29.Bxc8 Qxc8
30.Qxc8 Rxc8 31.a4 Bb8 32.Rac1 Kg7 33.Bd2 Nf6 34.b4 Rfe8 35.bxc5 bxc5 36.a5 Nd7
37.Kg2 Ne5 38.Nxe5 Bxe5 39.f4 Bb8 40.Rc4 f6 41.Bc1 Bd6 42.Ba3 Re7 43.a6 Rb8
44.e5 fxe5 45.fxe5 Rxe5 46.Rxe5 Bxe5 47.Bxc5 d3 48.Kf3 Rd8 49.Bxa7 Bf6 50.Ke4  1/2-1/2

[Event "Czech Open A"]
[Site "Pardubice CZE"]
[Date "2006.07.26"]
[Round "6"]
[White "Najer,E"]
[Black "Tomashevsky,E"]
[Result "1/2-1/2"]
[WhiteElo "2677"]
[BlackElo "2594"]

1.d4 Nf6 2.c4 e6 3.Nf3 b6 4.g3 Ba6 5.b3 d5 6.Bg2 dxc4 7.Ne5 Bb4+ 8.Kf1 Bd6
9.Nxc4 Nd5 10.Bb2 Nc6 11.e4 Nde7 12.Nd2 e5 13.d5 Nd4 14.Nf3 c5 15.Bh3 O-O
16.Kg2 Ng6 17.Re1 Qf6 18.a4 Rfe8 19.a5 b5 20.Nxd6 Qxd6 21.Nxd4 cxd4 22.f4 Bc8
23.Bxc8 Raxc8 24.fxe5 Nxe5 25.Bxd4 a6 26.Qd2 Qg6 27.Bxe5 Rxe5 28.Rac1 Rd8
29.Qf4 f6 30.Re3 Qe8 31.Kf2 Qe7 32.Rc6 Qb4 33.Rxa6 Rde8 34.Qf3 f5 35.Re6 fxe4
36.Rxe5 Rxe5 37.Qd1 Qc5 38.Qg4 Qxd5 39.Qc8+ Kf7 40.Qc2 b4 41.a6 Qd4 42.Qc4+ Qxc4
43.bxc4 Ra5 44.Rb3 Rxa6 45.Rxb4 Ra3 46.c5  1/2-1/2

[Event "Czech Open A"]
[Site "Pardubice CZE"]
[Date "2006.07.29"]
[Round "9"]
[White "Tomashevsky,E"]
[Black "Evdokimov,Alexa"]
[Result "1-0"]
[WhiteElo "2594"]
[BlackElo "2500"]

1.c4 g6 2.d4 Nf6 3.Nc3 d5 4.Nf3 Bg7 5.e3 O-O 6.b4 c6 7.Bb2 a5 8.b5 cxb5 9.Nxb5 a4
10.Rc1 Nc6 11.Be2 Be6 12.cxd5 Nxd5 13.O-O Nb6 14.Nc3 Nb4 15.a3 Bb3 16.Qd2 Nc6
17.Ne4 Na5 18.Qb4 Nc6 19.Qb5 Bd5 20.Nc5 Na5 21.Bc3 Nb3 22.Nxb3 Bc6 23.Qc5 Nd7
24.Qb4 axb3 25.Qxb3 Qb6 26.Bb4 e6 27.Nd2 Rfc8 28.Bf3 Bxf3 29.Nxf3 Rc6 30.d5 exd5
31.Qxd5 Nf6 32.Rxc6 Nxd5 33.Rxb6 Nxb6 34.g4 Nd5 35.Rd1 Nxb4 36.axb4 b5 37.Rd5 Bf8
38.Rxb5 Ra4 39.Kg2 Rxb4 40.Rxb4 Bxb4 41.Nd4 Kg7 42.Kf3 Kf6 43.h3 Kg5 44.Kg3 Bd6+
45.f4+ Kf6 46.Kf3 Ba3 47.e4 Bc1 48.e5+ Ke7 49.Ke4 Kd7 50.Nf3 Ke7 51.Ng5 h6
52.Nh7 Bd2 53.Nf6 Kf8 54.Nd5 Bc1 55.f5 gxf5+ 56.gxf5 Bb2 57.f6 Ke8 58.Kf5 Kf8
59.Nc7 Ba3 60.Nd5 Kg8 61.Ne3 Kf8 62.Ng2 Bc1 63.Nf4 Ke8 64.h4 Kf8 65.h5 Bb2
66.e6 fxe6+ 67.Kg6 Ba3 68.Nxe6+ Kg8 69.f7+ Kh8 70.f8=Q+ Bxf8 71.Nxf8 Kg8
72.Nd7 Kh8 73.Kxh6  1-0

[Event "60th ch-RUS Higher League"]
[Site "Krasnoyarsk RUS"]
[Date "2007.09.03"]
[Round "1"]
[White "Tomashevsky,E"]
[Black "Turov,M"]
[Result "1/2-1/2"]
[WhiteElo "2654"]
[BlackElo "2561"]

1.c4 Nf6 2.Nc3 e5 3.Nf3 Nc6 4.g3 Bb4 5.Nd5 Bc5 6.Bg2 d6 7.O-O O-O 8.e3 a6
9.d3 Ba7 10.Bd2 Nxd5 11.cxd5 Ne7 12.Qb3 c6 13.dxc6 Nxc6 14.Bc3 Qb6 15.Qa3 Rd8
16.Qa4 f6 17.d4 e4 18.Nd2 d5 19.Nb3 Qc7 20.Rac1 Bd7 21.Qa3 Rac8 22.Bb4 Bg4
23.Rc2 Qd7 24.Rfc1 Nxb4 25.Qxb4 b6 26.Bf1 a5 27.Qb5 Qxb5 28.Bxb5 Rxc2 29.Rxc2 Rc8
30.Rxc8+ Bxc8 31.Bc6 Be6 32.Nc1 Kf8 33.Ne2 Ke7 34.Nc3 Kd6 35.Bb7 Bb8 36.Kg2 Bc7
37.f4 exf3+ 38.Kxf3 Bd8 39.Ke2 Be7 40.Kf3 Bf8 41.g4 g6 42.h4 Be7 43.Ba8 Bf7
44.Kf4 g5+ 45.hxg5 fxg5+ 46.Kg3 Bf6 47.Nb5+  1/2-1/2

[Event "Cup Russia"]
[Site "Serpukhov RUS"]
[Date "2007.11.08"]
[Round "2.6"]
[White "Tomashevsky,E"]
[Black "Azarov,S"]
[Result "1-0"]
[WhiteElo "2646"]
[BlackElo "2586"]

1.c4 Nf6 2.Nc3 c5 3.g3 e6 4.Nf3 b6 5.Bg2 Bb7 6.O-O Be7 7.b3 O-O 8.Bb2 d6
9.e3 Nbd7 10.d4 cxd4 11.Nxd4 Bxg2 12.Kxg2 Qc7 13.f4 a6 14.Qf3 Rfc8 15.g4 b5
16.g5 Ne8 17.cxb5 axb5 18.Ncxb5 Qb6 19.a4 d5 20.Rac1 Nc5 21.Ba3 Nd6 22.Nxd6 Bxd6
23.Nb5 Bf8 24.Bxc5 Bxc5 25.e4 dxe4 26.Qxe4 Bf8 27.Qf3 Qa5 28.Kh1 Qb4 29.Rcd1 Rd8
30.Nd4 Qb6 31.Nc6 Rdc8 32.Rc1 g6 33.Rc4 Bc5 34.Ne5 Be3 35.Rxc8+ Rxc8 36.Nc4 Qxb3
37.Nxe3 Rc3 38.Qa8+ Kg7 39.Ng4 Qc4 40.Qg2 Qxa4 41.Nf6 Qc4 42.Rg1 Qxf4 43.Rf1 Qc4
44.Ne4 Rc2 45.Qf3 Qc7 46.Nd6 Qc6 47.Qxc6 Rxc6 48.Rxf7+ Kg8 49.Rd7  1-0